|
|
|
|
| LEADER |
01044nam a2200253 a 4500 |
| 001 |
2832 |
| 008 |
130711s1982 caua b 000 0 eng d |
| 010 |
|
|
|a 82050212
|
| 020 |
|
|
|a 0898150736 (pbk.)
|
| 020 |
|
|
|a 0898150744 (hard)
|
| 040 |
|
|
|a DLC
|c DLC
|d DLC
|d BD-DhAAL
|
| 082 |
0 |
0 |
|a 635
|2 19
|
| 100 |
1 |
|
|a Jeavons, John.
|
| 245 |
1 |
0 |
|a How to grow more vegetables than you ever thought possible on less land than you can imagine :
|b a primer on the life-giving biodynamic/French intensive method of organic horticulture /
|c by John Jeavons.
|
| 250 |
|
|
|a Rev. and enl.
|
| 260 |
|
|
|a Berkeley, Calif. :
|b Ten Speed Press,
|c c1982.
|
| 300 |
|
|
|a xv, 159 p. :
|b ill. ;
|c 28 cm.
|
| 504 |
|
|
|a Includes bibliography (p. 141-150).
|
| 541 |
|
|
|e 2832
|
| 650 |
|
0 |
|a Vegetable gardening.
|
| 650 |
|
0 |
|a Biointensive gardening.
|
| 852 |
1 |
|
|a Ayesha Abed Library
|j General shelf.
|
| 999 |
|
|
|c 13677
|d 13677
|
| 952 |
|
|
|0 0
|1 0
|2 ddc
|4 0
|6 635_000000000000000_JEA
|7 0
|9 22909
|a BRACUL
|b BRACUL
|c GEN
|d 2013-07-11
|g 1210.00
|l 2
|o 635 JEA
|p 3010002832
|r 2023-10-09
|s 2023-10-01
|t 1
|w 2013-07-11
|y BK
|